Central Library OPAC University of Rajshahi

Insect physiology / (Record no. 14703)

MARC details
000 -LEADER
fixed length control field 00957nam a2200301 a 4500
001 - CONTROL NUMBER
control field 14703
003 - CONTROL NUMBER IDENTIFIER
rucl marc code BD-RjUL
005 - DATE AND TIME OF LATEST TRANSACTION
control field 20211208235657.0
008 - FIXED-LENGTH DATA ELEMENTS--GENERAL INFORMATION
fixed length control field 170614s1967 enka g b 001 0 eng d
029 1# - (OCLC)
OCLC library identifier UKM
System control number b6610434
035 ## - SYSTEM CONTROL NUMBER
System control number (OCoLC)ocm00421249
System control number (BD-RjUL)14757
System control number (NNC)1504807
040 ## - CATALOGING SOURCE
Original cataloging agency DLC
Transcribing agency DLC
Modifying agency OCL
-- BD-RjUL
Language of cataloging eng
041 ## - LANGUAGE CODE
Language code of text/sound track or separate title eng
082 ## - DEWEY DECIMAL CLASSIFICATION NUMBER
Classification number 595.7
Author mark and year WII 1967
Edition number 23
100 1# - MAIN ENTRY--PERSONAL NAME
Personal name Wigglesworth, Vincent B.
Fuller form of name (Vincent Brian),
Dates associated with a name 1899-1994.
9 (RLIN) 45821
245 10 - TITLE STATEMENT
Title Insect physiology /
Statement of responsibility, etc. [by] Sir Vincent B. Wigglesworth.
250 ## - EDITION STATEMENT
Edition statement 6th ed., revised ed. and reset.
260 ## - PUBLICATION, DISTRIBUTION, ETC. (IMPRINT)
Place of publication, distribution, etc. London:
Name of publisher, distributor, etc. Methuen.
Date of publication, distribution, etc. 1967
300 ## - PHYSICAL DESCRIPTION
Pagination x, 134 p. :
Illustrations ill. ;
Size 20 cm.
490 1# - SERIES STATEMENT
Series statement Methuen's monographs on biological subjects
504 ## - BIBLIOGRAPHY, ETC. NOTE
Bibliography, etc Includes bibliographies.
650 #0 - SUBJECT ADDED ENTRY--TOPICAL TERM
Topical term or geographic name as entry element Insects
General subdivision Physiology.
9 (RLIN) 45822
830 #0 - SERIES ADDED ENTRY--UNIFORM TITLE
Uniform title Methuen's monographs on biological subjects.
942 ## - ADDED ENTRY ELEMENTS (KOHA)
Source of classification or shelving scheme Dewey Decimal Classification
Koha item type Books
Holdings
Lost status Source of classification or shelving scheme Damaged status Not for loan Collection code Permanent Location Current Location Shelving location Date acquired Source of acquisition Cost, normal purchase price Total Checkouts Full call number Date last seen Copy number Koha item type
  Dewey Decimal Classification   Not For Loan Non-fiction Central Library, University of Rajshahi Central Library, University of Rajshahi Reading Room 08/08/1968 sweets and Zitlinger 21.00   595.7 WII 1967 08/02/2014 C-1 Books
  Dewey Decimal Classification     Rare Books Central Library, University of Rajshahi Central Library, University of Rajshahi   08/08/1968 Swets and Zeitlinger 21.00   595.7 WII 1967 27/05/2017 C-2 Books